Quizzes
Events
Quiz Creation
Community
Videos
Private Events
Remove Ads
Sign In
Join for FREE
Feedback
Dark Mode
Quiz Categories
Sports
Geography
Music
Movies
Television
Just For Fun
Miscellaneous
History
Literature
Language
Science
Gaming
Entertainment
Religion
Holiday
For Kids
Quiz Lab
Recent
Popular Today
Quiz Kudos Today
Editor Picks
Curator Picks
Quizzes by...
Day
Popularity
Type
Ratings
Length
Year
Community
Subscriptions
Recent Discussions
Orange Saloon
Badges
Playlists
Quests
Create
Leaderboards
Showdown
Live 5
Trivia Bingo
Activity
Puzzle Library
Sporcle Events
Private Events
Virtual Trivia
Globe League
Become a Host
Pub Owners
SporcleCon
Opinionation
Our Games
Videos
Blog
Mobile Apps
Partnerships
Remove Ads and Go Orange
Feedback
Sports
Athletes
MLB
NBA
NHL
NFL
Soccer
Sports Teams
WWE
NCAA
Football
Premier League
Basketball
Baseball
Hockey
Golf
Tennis
Cricket
Rugby
Auto Racing
Olympics
World Cup
Sports
Athletes
MLB
NBA
NHL
NFL
Soccer
Sports Teams
WWE
NCAA
Football
Premier League
Basketball
Baseball
Hockey
Golf
Tennis
Cricket
Rugby
Auto Racing
Olympics
World Cup
Random Quiz
Search Sporcle
×
Quiz Lab
Quiz Lab
Sports
NFL
Type in answers that appear in a list
Type in answers that appear in a list
Classic
Best Score? Go Orange.
NFL AP All Pro Players (05-09) Stats
Can you name the NFL AP All Pro Players (05-09)?
By
TBBUCS18
10m
136 Questions
675 Plays
675 Plays
675 Plays
Comments
Comments
Give Quiz Kudos
Give Quiz Kudos
-
- Ratings
hide this ad
More Info
Replay
Link that replays current quiz
Next Quiz
Link to next quiz in quiz playlist
You Got
0%
They Got
Avg Score
51%
Avg Friend Score
Upgrade to see
Score Distribution
Jump to the score distribution portion of the page
Score
0/136
Timer
10:00
0
Plays Today
Year
Name
% Correct
2005
Peyton Manning
99.6%
2008
Peyton Manning
99.6%
2009
Peyton Manning
99.6%
2007
Tom Brady
97%
2008
Andre Johnson
96.6%
2009
Andre Johnson
96.6%
2006
Larry Johnson
96.4%
2009
Chris Johnson
96.4%
2006
LaDainian Tomlinson
92%
2007
Ladanian Tomlinson
91.7%
2008
Ray Lewis
90.7%
2009
Ray Lewis
90.7%
2006
Drew Brees
86.8%
2008
Adrian Peterson
86.8%
2009
Adrian Peterson
86.8%
2007
Randy Moss
85.8%
2008
Tony Gonzalez
83.4%
2005
Walter Jones
82.2%
2007
Walter Jones
82.2%
2006
Ed Reed
81.5%
2007
Ed Reed
81.5%
2008
Ed Reed
81.5%
2005
Jamal Williams
81.2%
2006
Jamal Williams
81.2%
2006
Kevin Williams
81.2%
2007
Kevin Williams
81.2%
2008
Kevin Williams
81.2%
2009
Kevin Williams
81.2%
2008
James Harrison
79%
2006
Marvin Harrison
78.8%
2006
Antonio Gates
78.2%
2005
Antonio Gates
78.2%
2005
Shaun Alexander
76.9%
2005
Steve Smith
70.7%
2005
Chad Ochocinco
70.4%
2006
Chad Ochocinco
70.4%
2007
Terrell Owens
70.2%
2009
Darrelle Revis
69.3%
2008
Larry Fitzgerald
67.3%
2006
Devin Hester
66.5%
2007
Devin Hester
66.5%
2005
Brian Urlacher
64.7%
2006
Brian Urlacher
64.7%
2009
Wes Welker
63.7%
2006
Adalius Thomas
61.8%
2006
Zach Thomas
61.8%
Year
Name
% Correct
2007
Jason Witten
61.8%
2009
Joe Thomas
61.8%
2005
Champ Bailey
61.6%
2006
Champ Bailey
61.6%
2008
Troy Polamalu
60.1%
2007
Jared Allen
59.9%
2008
Jared Allen
59.9%
2009
Jared Allen
59.9%
2006
Lorenzo Neal
59.6%
2007
Lorenzo Neal
59.6%
2009
Shane Lechler
59.4%
2008
Shane Lechler
59.4%
2006
Jason Taylor
58.2%
2009
Charles Woodson
57.6%
2009
Dallas Clark
56.6%
2005
Steve Hutchinson
55.7%
2007
Steve Hutchinson
55.7%
2008
Steve Hutchinson
55.7%
2009
Steve Hutchinson
55.7%
2009
Joshua Cribbs
52.3%
2005
Tiki Barber
51.9%
2007
DeMarcus Ware
51.9%
2008
DeMarcus Ware
51.9%
2009
Demarcus Ware
51.9%
2005
Ronde Barber
51.7%
2006
Jammal Brown
49%
2008
Kevin Mawae
48.4%
2006
Julius Peppers
48%
2005
Alan Faneca
47.3%
2006
Alan Faneca
47.3%
2007
Alan Faneca
47.3%
2008
Michael Turner
47.3%
2007
Patrick Willis
45.2%
2009
Patrick Willis
45.2%
2005
Troy Polamalu
44.3%
2005
Dwight Freeney
44%
2009
Dwight Freeney
44%
2006
Brian Dawkins
42.1%
2009
Nick Mangold
40.4%
2005
Bob Sanders
38.7%
2007
Bob Sanders
38.7%
2007
Asante Samuel
38.4%
2005
Jeff Saturday
37.5%
2007
Brian Westbrook
37.5%
2007
Jeff Saturday
37.5%
2009
Darren Sharper
37.5%
Year
Name
% Correct
2006
Olin Kreutz
33.6%
2009
Nate Kaeding
33.5%
2008
Justin Tuck
32.4%
2008
Nnamdi Asomugha
31.6%
2007
Albert Haynesworth
30.7%
2008
Albert Haynesworth
30.7%
2005
Derrick Brooks
29.8%
2006
Shawne Merriman
29.6%
2008
Le'Ron McClain
29.3%
2005
Lance Briggs
29.2%
2009
Adrian Wilson
28.7%
2005
Al Wilson
28.6%
2005
Richard Seymour
27.4%
2005
Osi Umenyiora
27.1%
2006
Willie Anderson
27.1%
2005
Willie Anderson
27.1%
2009
Leonard Weaver
26.4%
2006
Rashean Mathis
26.2%
2005
Jerome Mathis
26.2%
2008
Stephen Gostkowski
25.2%
2007
Antonio Cromartie
23.9%
2009
Elvis Dumervil
21.6%
2009
Jahri Evans
21.3%
2005
Neil Rackers
21%
2007
Matt Light
20.4%
2006
Robbie Gould
19.6%
2007
Mike Vrabel
18.4%
2007
Andy Lee
17.9%
2008
Chris Snee
17.5%
2009
Ryan Clady
16.9%
2007
Rob Bironas
16.4%
2005
Brian Moorman
15%
2006
Brian Moorman
15%
2008
Leon Washington
14.8%
2008
Jon Beason
14.8%
2009
Jay Ratliff
14.1%
2005
Brian Waters
13.5%
2005
Mack Strong
11.7%
2008
Jordan Gross
10.8%
2007
Patrick Kerney
10.7%
2008
Cortland Finnegan
9.8%
2007
Lofa Tatupu
9.5%
2006
Shawn Andrews
9%
2008
Michael Roos
6.4%
Quiz Playlist
Details
Report
Send in Message
Add To Playlist
More Info:
In 2005 3 guards were selected,
Classic:
Type in answers that appear in a list
Quiz Source
Last Updated: Feb 16, 2017
Quiz Scoreboard
CHALLENGE
Sign Up to Join the Scoreboard
Show All
Scores
Hide
Comments
May contain spoilers
Recently Published
9x9 Crossword: Cartoon Network
by jackfrog10
Miscellaneous
3m
College Basketball Coaching Resumes
by pancakes188
Sports
9m
Billboard Blitz: Fleetwood Mac
by CooCooCachoo
Music
15s
More to Explore
Quiz From the Vault
Featured Blog Post
Where Did the Easter Bunny Come From?
hide this ad
You Might Also Like...
Tags
Football Quiz
NFL Quiz
Player
pro
Pro Players
Today's Top Quizzes in Sports
Browse Sports
hide this ad
Today's Top Quizzes in NFL
Browse NFL
Top Contributed Quizzes in Sports
1
2022 World Cup Stars
2
Les meilleurs buteurs des matchs entre le PSG et l’OM
3
FIFA Club World Cup Champions
4
Les entraîneurs de l'OM et du PSG au 21e siècle
5
Criteria MLB: Left Handed Sluggers
6
AFC Teams Reveal (Wrong Answers Minefield)
7
2023 MLB Unique Player Accomplishments
8
5-to-1: FBS Animal Nicknames
9
Players with Multiple 50 Home Run Seasons
10
5-to-1: UK Sports Teams
Explore More
Trending Topics
Crossword
Marvel
Disney
Harry Potter
Kpop
Anime
NBA
The Office
WWE
Country
NFL
Soccer
Puzzle
Song
Pokémon
hide this ad
More By:
TBBUCS18
Quiz
Plays
Rating
Category
Featured
Created
NFL Draft Top 10 (2000s)
24,664
4.21
Sports
Jan 26, 2010
NFL Draft Top 5 Player Alma Maters (2000s)
10,623
3.77
Sports
Jan 26, 2010
Grammy Award Best Rap Album (2000s)
5,041
3.36
Music
Jan 27, 2010
NFL AP All Pro Players (05-09)
675
3.75
Sports
Jan 26, 2010
Grammy Award Best Rap Song
599
3.50
Music
Jan 26, 2010
Go to Creator's Profile
Score Distribution
Quiz Creator Spotlight
TBBUCS18
Follow
Send a Message
Quizzes Created
-
Created Quiz Play Count
-
More By This Creator
Popular Quizzes Today
1
Find the US States - No Outlines Minefield
2
Find the Countries of Europe - No Outlines Minefield
3
The Countries of the World
4
Find the US States
5
Risky Map Clicking: Biggest States A-Z
6
US States
7
Popular People in 1961
8
Movies - When Are They Set?
More Sports Quizzes
Unforgettable Soccer Moments II
Curator's Pick
Trending Quizzes
Risky Map Clicking: Least Populous States A-Z
1-10 Letter G Words
1-10 Letter F Words
Risky Map Clicking: Next State Alphabetically
Adjectives in 80s TV Shows
Recently Updated
Leaping Animals
pecheneg
Reality TV Shows (A-Z)
bhenderson79
Rickey Henderson's Hall of Fame Teammates
pecheneg
Champions League XIs: Arsenal
pecheneg
Quick Pick: Celebrities in WWE's Hall of Fame
aduchscher
A-Z Keypad Blitz II
pecheneg
Multiple Oscar Actors
pecheneg
Mystery Phrase Blitz: Oscar 'Best Actors'
pecheneg
F. Scott Fitzgerald Novels
LTH
Pick 3 Villains
ddd62291
Trending Topics
Kpop
Harry Potter
Disney
Anime
Crossword
Marvel
NBA
Soccer
Puzzle
Song
Pokémon
WWE
NFL
The Office
Country
Your Account Isn't Verified!
In order to create a playlist on Sporcle, you need to verify the email address you used during registration. Go to your
Sporcle Settings
to finish the process.
Report this User
Report this user for behavior that violates our
Community Guidelines
.
Details:
Send Report
Go to the Sporcle.com Mobile Site →
Comments